| 000 | 00596nam a22002177a 4500 | ||
|---|---|---|---|
| 999 |
_c7834 _d7834 |
||
| 003 | GBCCL | ||
| 005 | 20241126110637.0 | ||
| 008 | 181009b ||||| |||| 00| 0 eng d | ||
| 020 | _a0340414979 | ||
| 020 | _a9780340414972 | ||
| 040 | _cGBC | ||
| 082 |
_a234 _bKEN |
||
| 100 |
_aKendall,R T _913692 |
||
| 245 |
_aHe saves : _bhow to become - and stay - a Christian |
||
| 260 |
_aLondon : _bHodder & Stoughton, _c1988. |
||
| 300 | _a64 pages. | ||
| 440 |
_aFoundations _99483 |
||
| 650 |
_aSalvation -- Biblical teaching. _913693 |
||
| 650 |
_aTheology, Doctrinal. _914 |
||
| 942 |
_2ddc _cBK |
||